Active listening: building skills for understanding, student's book

Uloženo v:
Podrobná bibliografie
Hlavní autoři: Helgesen, Marc (Autor), Brown, Steven (Autor)
Médium: Kniha
Jazyk:angličtina
Vydáno: Cambridge Cambridge University 1994
Vydání:1a. ed
Témata:
Tagy: Přidat tag
Žádné tagy, Buďte první, kdo vytvoří štítek k tomuto záznamu!

MARC

LEADER 00000nam a2200000 a 4500
001 UCK0385
003 CL-VaPUC
008 041001e19940000UK |||||||||||||||||eng|d
020 |a 0521398827 
082 0 4 |a 372.6521  |b HEL  |2 21 
100 |a Helgesen, Marc  |e author  |9 611943 
700 0 |a Brown, Steven  |e author  |9 488312 
245 1 0 |a Active listening: building skills for understanding, student's book 
250 |a 1a. ed 
300 |a 70 p 
942 |c BK 
945 |d 20041001 00:00:00  |a cmena 
260 |a Cambridge  |b Cambridge University  |c 1994 
500 |a Complementario con 2 cassettes 
650 0 |a Enseñanza del inglés  |9 367340 
650 0 |a Lengua inglesa  |9 318842 
650 0 |a Educación lingüística  |9 306506 
583 |a last modification  |c 20130316 10:18:11  |k Rodrigo Vera 
999 |c 310843  |d 310841 
952 |0 0  |1 0  |4 0  |6 372_652100000000000_HEL_1994  |7 0  |8 A  |9 379874  |a BIBEDU  |b BIBEDU  |d 2019-11-21  |i 4059328  |o 372.6521 HEL 1994  |p 4059328  |r 2019-11-21  |w 2019-11-21  |y BK  |k LIT